00976cam a2200241 a 45000010009000000050017000090080041000260200043000670200040001100400059001500820021002091000028002302450091002582600036003493000053003855000033004385040051004716500028005226530022005509420012005729990017005849520133006011562785220090808160309.0090217s2009 flua b 001 0 eng  a9781420076882 (hardcover : alk. paper) a1420076884 (hardcover : alk. paper) aDLCcDLCdBTCTAdBAKERdUKMdYDXCPdC#PdBWXdCDXdDLC00a621.811222bPER1 aPerez Blanco, H.92873314aThe Dynamics of Energy :bSupply, Conversion, and Utilization /cHoracio Perez-Blanco. aBoca Raton :bCRC Press,c2009. a316 p. :bill. ;c25 cm. +e1 CD-ROM (4 3/4 in.) ainclude 1 CD-ROM (4 3/4 in.) aIncludes bibliographical references and index. 0aPower resources.928734 bMeccFebruary2012 2ddccBB c16422d16422 00102ddc40708MERICaMAINbMAINc1STd2012-02-09epurchaseg497.00h13167l0o621.811 PERp000026032r2025-07-15 00:00:00yBB